书目信息 |
| 题名: |
中国考试制度史
|
|
| 作者: | 沈兼士 著 | |
| 分册: | ||
| 出版信息: | 济南 山东画报出版社 2019 |
|
| 页数: | 244页 | |
| 开本: | 21cm | |
| 丛书名: | ||
| 单 册: | ||
| 中图分类: | D691.46 | |
| 科图分类: | ||
| 主题词: | 考试制度--历史--中国--古代 | |
| 电子资源: | ||
| ISBN: | 978-7-5474-2719-4 | |
| 000 | 00796nam0 2200229 450 | |
| 001 | 2474077876 | |
| 005 | 20240105203446.07 | |
| 010 | @a978-7-5474-2719-4@dCNY32.80 | |
| 100 | @a20190612d2019 em y0chiy50 ea | |
| 101 | 0 | @achi |
| 102 | @aCN@b370000 | |
| 105 | @aak z 000yy | |
| 200 | 1 | @a中国考试制度史@Azhong guo kao shi zhi du shi@f沈兼士著 |
| 210 | @a济南@c山东画报出版社@d2019 | |
| 215 | @a244页@c图@d21cm | |
| 300 | @a名家小史 图文版 | |
| 330 | @a本书以独特的历史视角、详实的史料,展示了考试制度在中国历史发展进程中的产生、发展、繁荣、衰弱、消亡的过程。既有对各朝考试制度的史料分析,亦对历代考试制度进行了得失论述。 | |
| 606 | 0 | @a考试制度@x历史@y中国@z古代 |
| 690 | @aD691.46@v5 | |
| 701 | 0 | @a沈兼士@Ashen jian shi@4著 |
| 801 | 0 | @aCN@b91MARC@c20190612 |
| 905 | @aZUCC@dD691.46@e2 | |
| 中国考试制度史/沈兼士著.-济南:山东画报出版社,2019 |
| 244页:图;21cm |
| 名家小史 图文版 |
| ISBN 978-7-5474-2719-4:CNY32.80 |
| 本书以独特的历史视角、详实的史料,展示了考试制度在中国历史发展进程中的产生、发展、繁荣、衰弱、消亡的过程。既有对各朝考试制度的史料分析,亦对历代考试制度进行了得失论述。 |
| ● |
| 相关链接 |
|
|
|
正题名:中国考试制度史
索取号:D691.46/2
 
预约/预借
| 序号 | 登录号 | 条形码 | 馆藏地/架位号 | 状态 | 备注 |
| 1 | 2001734783 | 2001734783 | 辽宁北方(第一批)/辽宁北方(第一批)/452/ [索取号:D691.46/2] | 在馆 | |
| 2 | 2001734784 | 2001734784 | 辽宁北方(第一批)/辽宁北方(第一批)/452/ [索取号:D691.46/2] | 在馆 | |
| 3 | 2001734785 | 2001734785 | 辽宁北方(第一批)/辽宁北方(第一批)/452/ [索取号:D691.46/2] | 在馆 | |
| 4 | 2001734786 | 2001734786 | 辽宁北方(第一批)/辽宁北方(第一批)/452/ [索取号:D691.46/2] | 在馆 | |
| 5 | 2001734787 | 2001734787 | 辽宁北方(第一批)/辽宁北方(第一批)/452/ [索取号:D691.46/2] | 在馆 | |
| 6 | 2001734788 | 2001734788 | 辽宁北方(第一批)/辽宁北方(第一批)/452/ [索取号:D691.46/2] | 在馆 |